[Event "Unna Open 2023"]
[Site "Unna"]
[Date "2023.12.30"]
[Round "7.20"]
[White "Deysenroth, Patrick"]
[Black "Krämer, Sascha"]
[Result "1/2-1/2"]
[WhiteElo "1743"]
[BlackElo "1858"]
[Annotator "Medger,Gernot"]
[PlyCount "63"]
[EventDate "2023.12.??"]
[EventType "swiss"]
[EventRounds "7"]
[EventCountry "GER"]
[Tiebreak "Progressive score"]
[SourceVersionDate "2023.12.27"]

1. e4 c5 2. c3 e6 3. d4 d5 4. exd5 exd5 5. Bb5+ Nc6 6. Nf3 a6 7. Bxc6+ bxc6 8.
O-O Bd6 9. dxc5 Bxc5 10. b4 Bd6 11. Qd4 f6 12. Nbd2 Ne7 13. Nb3 O-O 14. Bf4 Ng6
15. Bxd6 Qxd6 16. Rfe1 Bf5 17. Nc5 Rfb8 18. Nh4 Nxh4 19. Qxh4 a5 20. a3 Ra7 21.
Nb3 axb4 22. axb4 Rba8 23. Qd4 Rxa1 24. Rxa1 Rxa1+ 25. Nxa1 Qe5 $11 26. Qe3 Kf7
27. Nb3 Qxe3 28. fxe3 Ke7 29. Kf2 Kd6 30. Kg3 Ke5 31. Nc5 g5 32. Kf2 1/2-1/2

[Event "Unna Open 2023"]
[Site "Unna"]
[Date "2023.12.30"]
[Round "7.21"]
[White "Greiving, Leonard Simon"]
[Black "Feldhaus, Thomas"]
[Result "1-0"]
[WhiteElo "1535"]
[BlackElo "1849"]
[PlyCount "49"]
[EventDate "2023.12.??"]
[EventType "swiss"]
[EventRounds "7"]
[EventCountry "GER"]
[Tiebreak "Progressive score"]
[SourceVersionDate "2023.12.27"]

1. e4 d6 2. d4 Nf6 3. Nc3 c6 4. Be3 Qb6 5. Qd2 Qxb2 6. Rb1 Qa3 7. Bc4 e5 8.
dxe5 dxe5 9. Nf3 Bb4 10. Rb3 Nxe4 11. Qd3 Bxc3+ 12. Ke2 Qa5 13. Qxe4 O-O 14.
Ng5 g6 15. Nxf7 Rxf7 16. Bxf7+ Kxf7 17. Qc4+ Be6 18. Rxb7+ Kf6 19. Qh4+ Kf5 20.
Qg5+ Ke4 21. f3+ Kd5 22. Rd1+ Kc4 23. Qh4+ Bd4 24. Rxd4+ Kc3 25. Qe1+ 1-0

[Event "Unna Open 2023"]
[Site "Unna"]
[Date "2023.12.30"]
[Round "7.23"]
[White "Barskij, Aleksandr"]
[Black "Alnajmi, Mustafa"]
[Result "1/2-1/2"]
[WhiteElo "1805"]
[BlackElo "1608"]
[PlyCount "111"]
[EventDate "2023.12.??"]
[EventType "swiss"]
[EventRounds "7"]
[EventCountry "GER"]
[Tiebreak "Progressive score"]
[SourceVersionDate "2023.12.27"]

1. e4 c6 2. d4 d5 3. exd5 cxd5 4. Bd3 Nf6 5. c3 Bg4 6. Qb3 Qd7 7. Bf4 Nc6 8.
Nd2 e6 9. Ngf3 Bxf3 10. Nxf3 Bd6 11. Bxd6 Qxd6 12. Qxb7 Rb8 13. Qa6 O-O 14. Bb5
Rb6 15. Qa4 Ne7 16. O-O Rfb8 17. Bd3 Rxb2 18. Qxa7 Ng6 19. Bxg6 hxg6 20. Ne5
R2b7 21. Qc5 Qxc5 22. dxc5 Ne4 23. c6 Rc7 24. Rfb1 Rbc8 25. Rb6 f6 26. Nxg6 Kf7
27. f3 Nxc3 28. Nf4 Rxc6 29. Rb7+ R8c7 30. Rxc7+ Rxc7 31. a4 Rc4 32. g3 Rxa4
33. Rxa4 Nxa4 34. h4 Nc3 35. Kf2 e5 36. Nd3 d4 37. h5 Nd5 38. Ke1 Ke6 39. g4
Nf4 40. Nc5+ Kd5 41. Ne4 Kc4 42. Kd2 Kd5 43. h6 gxh6 44. Nxf6+ Ke6 45. Ne4 h5
46. gxh5 Nxh5 47. Ke2 Nf6 48. Kd3 Kf5 49. Nd2 Kf4 50. Nc4 Nh7 51. Ke2 Ng5 52.
Nd2 Kg3 53. Nf1+ Kh3 54. Kf2 Ne6 55. Nd2 Kh4 56. Nc4 1/2-1/2

[Event "Unna Open 2023"]
[Site "Unna"]
[Date "2023.12.30"]
[Round "7.24"]
[White "Kramer, Martin"]
[Black "Küsgen, Dirk"]
[Result "0-1"]
[WhiteElo "1622"]
[BlackElo "1805"]
[PlyCount "74"]
[EventDate "2023.12.??"]
[EventType "swiss"]
[EventRounds "7"]
[EventCountry "GER"]
[Tiebreak "Progressive score"]
[SourceVersionDate "2023.12.27"]

1. Nf3 Nf6 2. c4 d6 3. d4 g6 4. Nc3 Bg7 5. e4 O-O 6. Be2 e5 7. d5 a5 8. Bg5 h6
9. Bh4 Bg4 10. Nd2 Bxe2 11. Qxe2 Qd7 12. f3 Na6 13. Bf2 b6 14. O-O Kh7 15. a3
a4 16. Qd1 Nc5 17. Qc2 h5 18. Rad1 Bh6 19. Kh1 Ne8 20. Bg1 Kh8 21. Rfe1 Ng7 22.
Nf1 Rg8 23. Bf2 Raf8 24. Bxc5 bxc5 25. Qxa4 Qe7 26. b4 cxb4 27. axb4 f5 28. Ra1
g5 29. Qc6 g4 30. Ra7 gxf3 31. gxf3 Ne8 32. Ra2 Qg5 33. Ne3 Qh4 34. Rae2 Qh3
35. Rf2 Rg3 36. Nxf5 Rxf3 37. Rg2 Bd2 0-1

[Event "Unna Open 2023"]
[Site "Unna"]
[Date "2023.12.30"]
[Round "7.25"]
[White "Lohkämper, Thomas"]
[Black "Dubinker, Philipp"]
[Result "0-1"]
[WhiteElo "1550"]
[BlackElo "1793"]
[PlyCount "56"]
[EventDate "2023.12.??"]
[EventType "swiss"]
[EventRounds "7"]
[EventCountry "GER"]
[Tiebreak "Progressive score"]
[SourceVersionDate "2023.12.27"]

1. d4 Nf6 2. c4 e6 3. g3 d5 4. Bg2 Bb4+ 5. Bd2 Be7 6. Nf3 O-O 7. O-O c6 8. c5
b6 9. b4 a5 10. Ne5 axb4 11. Bxb4 bxc5 12. dxc5 Nfd7 13. Nxd7 Qxd7 14. Nd2 Bf6
15. e4 Bxa1 16. Qxa1 Na6 17. Bc3 f6 18. Bh3 Qa7 19. Re1 e5 20. Bf1 Nxc5 21. Bb4
Rd8 22. a3 Nxe4 23. Nxe4 dxe4 24. Bc4+ Kh8 25. Rxe4 c5 26. Rh4 cxb4 27. Rxh7+
Kxh7 28. Qb1+ g6 0-1

[Event "Unna Open 2023"]
[Site "Unna"]
[Date "2023.12.30"]
[Round "7.26"]
[White "Cassel, Silas"]
[Black "Bertschik, Jonas"]
[Result "1/2-1/2"]
[WhiteElo "1545"]
[BlackElo "1788"]
[Annotator "Medger,Gernot"]
[PlyCount "53"]
[EventDate "2023.12.??"]
[EventType "swiss"]
[EventRounds "7"]
[EventCountry "GER"]
[Tiebreak "Progressive score"]
[SourceVersionDate "2023.12.27"]

1. d4 d5 2. Nf3 Nf6 3. c3 c6 4. Bf4 Qb6 5. Qb3 Bf5 6. h3 e6 7. Nbd2 h6 8. e3
Nbd7 9. Be2 Be7 10. O-O O-O 11. Rfe1 c5 12. c4 dxc4 13. Bxc4 cxd4 14. Nxd4 Bg6
15. N2f3 Be4 16. Ne5 Qxb3 17. Nxb3 Nxe5 18. Bxe5 Nd7 19. Bg3 Nb6 20. Rac1 Rac8
21. Be2 Bf6 22. Nd4 a6 23. b3 Rxc1 24. Rxc1 Rc8 25. Rxc8+ Nxc8 26. Bf3 $11 Bxf3
27. Nxf3 1/2-1/2

[Event "Unna Open 2023"]
[Site "Unna"]
[Date "2023.12.30"]
[Round "7.27"]
[White "Dimitriadis, Elias"]
[Black "Hammerschmidt, Martin"]
[Result "0-1"]
[WhiteElo "1540"]
[BlackElo "1745"]
[PlyCount "52"]
[EventDate "2023.12.??"]
[EventType "swiss"]
[EventRounds "7"]
[EventCountry "GER"]
[Tiebreak "Progressive score"]
[SourceVersionDate "2023.12.27"]

1. e4 c5 2. Nf3 e6 3. d4 cxd4 4. Nxd4 Nf6 5. Nc3 d6 6. Bg5 Be7 7. Bd3 Nbd7 8.
O-O O-O 9. Re1 a6 10. h3 Qc7 11. Qd2 b5 12. a3 Bb7 13. Rad1 Rac8 14. Be2 Rfe8
15. Bf3 Ne5 16. Bf4 Nc4 17. Qc1 e5 18. Nf5 exf4 19. Qxf4 Bf8 20. Qg3 Kh8 21. b3
Ne5 22. Rxd6 Qxc3 23. Red1 Nxf3+ 24. gxf3 g6 25. R6d3 Qe5 26. f4 Qxe4 0-1

[Event "Unna Open 2023"]
[Site "Unna"]
[Date "2023.12.30"]
[Round "7.28"]
[White "Ploeger, Marc Andre"]
[Black "Wirthmann, Stefan"]
[Result "1-0"]
[WhiteElo "1523"]
[BlackElo "1733"]
[PlyCount "59"]
[EventDate "2023.12.??"]
[EventType "swiss"]
[EventRounds "7"]
[EventCountry "GER"]
[Tiebreak "Progressive score"]
[SourceVersionDate "2023.12.27"]

1. e4 e5 2. Nf3 Nc6 3. d4 exd4 4. Nxd4 Bc5 5. Nb3 Bb6 6. Nc3 Qf6 7. Qe2 Nge7 8.
Be3 O-O 9. O-O-O d6 10. f3 Be6 11. Kb1 Rfe8 12. Nb5 Rac8 13. N3d4 Nxd4 14. Nxd4
Nc6 15. Nxe6 Qxe6 16. Bxb6 axb6 17. g4 Ra8 18. a3 Ne5 19. h4 b5 20. Qxb5 c6 21.
Qb3 Qxb3 22. cxb3 Nxf3 23. Rxd6 Rxe4 24. Bg2 Rd4 25. Rxd4 Nxd4 26. b4 Kf8 27.
Rd1 Nb5 28. Bf1 Nc7 29. Rd7 Rc8 30. Bc4 1-0

[Event "Unna Open 2023"]
[Site "Unna"]
[Date "2023.12.30"]
[Round "7.29"]
[White "Vatter, Klaus"]
[Black "Soppe, Peter"]
[Result "1/2-1/2"]
[WhiteElo "1717"]
[BlackElo "1451"]
[PlyCount "76"]
[EventDate "2023.12.??"]
[EventType "swiss"]
[EventRounds "7"]
[EventCountry "GER"]
[Tiebreak "Progressive score"]
[SourceVersionDate "2023.12.27"]

1. b4 d5 2. Bb2 Bf5 3. e3 Nd7 4. c4 e6 5. Nf3 Ngf6 6. b5 Bb4 7. Nc3 Nb6 8. Qb3
Qd6 9. cxd5 exd5 10. Be2 O-O 11. O-O Be6 12. Nd4 c5 13. bxc6 bxc6 14. Nxe6 fxe6
15. d4 Rf7 16. a3 Ba5 17. a4 Rb8 18. Ba3 Nc4 19. Bxc4 Rxb3 20. Bxd6 Rxc3 21.
Ba6 Ne4 22. Be5 Rc2 23. f3 Nc3 24. Bc8 Re7 25. Bd6 Re8 26. Bd7 Rd8 27. Bxe6+
Kh8 28. Bc5 Re2 29. e4 dxe4 30. fxe4 Bb6 31. Bxb6 axb6 32. Rac1 Rxe4 33. Rxc3
Rxe6 34. Rb3 Ree8 35. Rxb6 Rxd4 36. a5 Ra4 37. a6 h6 38. Rc1 Ra2 1/2-1/2

[Event "Unna Open 2023"]
[Site "Unna"]
[Date "2023.12.30"]
[Round "7.30"]
[White "Wiese, Thomas"]
[Black "Schulze-Ardey, Dario"]
[Result "0-1"]
[WhiteElo "1694"]
[BlackElo "1119"]
[PlyCount "130"]
[EventDate "2023.12.??"]
[EventType "swiss"]
[EventRounds "7"]
[EventCountry "GER"]
[Tiebreak "Progressive score"]
[SourceVersionDate "2023.12.27"]

1. e4 e5 2. Nf3 Nc6 3. Bb5 Nf6 4. O-O a6 5. Bxc6 dxc6 6. Nxe5 Bd6 7. Nf3 Bg4 8.
d3 O-O 9. Nbd2 Re8 10. c3 c5 11. Qc2 Bf4 12. h3 Bxd2 13. Bxd2 Bxf3 14. gxf3 Qd7
15. Kg2 Re5 16. Bf4 Re6 17. Rad1 Nh5 18. Bg3 Rg6 19. Kh2 Rh6 20. Rh1 Nxg3 21.
Kxg3 Qd6+ 22. f4 Rh4 23. Qd2 Qh6 24. Rdg1 Rd8 25. f3 c4 26. d4 Rd6 27. Kf2 Rf6
28. Rg3 Rhxf4 29. Ke2 Qh5 30. Qe3 Qh4 31. Rhg1 g6 32. Kd2 Qh5 33. e5 Rxf3 34.
exf6 Rxe3 35. Rxe3 Qb5 36. Kc1 Kf8 37. Rf1 Qg5 38. Rff3 Qg1+ 39. Kc2 Qg2+ 40.
Kc1 Qg5 41. Kb1 b5 42. a3 a5 43. Ka2 b4 44. axb4 axb4 45. cxb4 Qb5 46. Ra3 Qd5
47. Ka1 Kg8 48. Rfe3 Qc6 49. Rf3 h5 50. Rf4 Qh1+ 51. Ka2 Qh2 52. Raf3 Kh7 53.
h4 Kh6 54. Rf2 Qh3 55. R2f3 Qg2 56. Rf2 Qa8+ 57. Kb1 Qa4 58. R2f3 Qxb4 59. Rc3
Qa4 60. d5 Qd1+ 61. Ka2 Qxd5 62. Rcxc4 g5 63. hxg5+ Kxg5 64. Ka3 Qd6+ 65. b4
Qxf4 0-1

[Event "Unna Open 2023"]
[Site "Unna"]
[Date "2023.12.30"]
[Round "7.31"]
[White "Schulz, Robin"]
[Black "Westermann, Walter"]
[Result "1-0"]
[WhiteElo "1451"]
[BlackElo "1681"]
[Annotator "Medger,Gernot"]
[PlyCount "139"]
[EventDate "2023.12.??"]
[EventType "swiss"]
[EventRounds "7"]
[EventCountry "GER"]
[Tiebreak "Progressive score"]
[SourceVersionDate "2023.12.27"]

1. e4 c5 2. Nf3 e6 3. d4 cxd4 4. Nxd4 Nc6 5. Nc3 Qc7 6. Ndb5 Qb8 7. Be3 a6 8.
Nd4 Nf6 9. Bc4 Bb4 10. f3 Qc7 11. Bb3 Na5 12. Nde2 Nc4 13. Bxc4 Qxc4 14. O-O
O-O 15. e5 Ne8 16. a3 Bc5 17. Bxc5 Qxc5+ 18. Qd4 Qxd4+ 19. Nxd4 d5 20. f4 Nc7
21. g4 f5 22. gxf5 exf5 23. Rfe1 Re8 24. Rad1 Bd7 25. Kf2 Rad8 26. Re3 g6 27.
h4 Bc6 $11 28. h5 Ne6 29. hxg6 hxg6 30. Nxe6 Rxe6 31. Red3 Kf8 32. Nxd5 Bxd5
33. Rxd5 Rxd5 34. Rxd5 Rb6 35. b4 Rc6 36. Rc5 Rb6 37. Ke3 Kg7 38. Kd4 g5 39.
fxg5 Kg6 40. Kd5 Kxg5 41. e6 Kf6 42. e7 Kxe7 43. Ke5 Kd7 44. Kxf5 Rh6 45. Ke4
Kd6 46. c3 Rh4+ 47. Kd3 Rh3+ 48. Kc2 Rg3 49. Rh5 Kc6 50. Kb3 Rf3 51. Rc5+ Kd6
52. a4 Rf1 53. Rh5 Rf4 54. Rh6+ Kc7 55. a5 Rg4 56. c4 Rg3+ 57. Ka4 Rg1 58. b5
Ra1+ 59. Kb4 axb5 60. Kxb5 Rb1+ 61. Kc5 Kb8 62. Rb6 Rh1 63. a6 Rh5+ 64. Kb4 Rh7
65. c5 Rh4+ 66. Kb5 Rh7 67. axb7 Rxb7 68. c6 Rxb6+ 69. Kxb6 Kc8 70. c7 1-0

[Event "Unna Open 2023"]
[Site "Unna"]
[Date "2023.12.30"]
[Round "7.33"]
[White "Stutt, Jonas"]
[Black "Kappelhoff, Pius"]
[Result "0-1"]
[WhiteElo "1412"]
[BlackElo "1671"]
[PlyCount "58"]
[EventDate "2023.12.??"]
[EventType "swiss"]
[EventRounds "7"]
[EventCountry "GER"]
[Tiebreak "Progressive score"]
[SourceVersionDate "2023.12.27"]

1. e4 c6 2. d4 d5 3. exd5 cxd5 4. Bd3 Nc6 5. c3 Nf6 6. Bf4 Bg4 7. Qb3 Qc8 8.
Nd2 e6 9. Ngf3 Be7 10. O-O O-O 11. h3 Bh5 12. Rfe1 Nd7 13. Rac1 Nb6 14. Qc2 Bg6
15. Ne5 Nxe5 16. Bxe5 Bg5 17. Rcd1 Qd7 18. Nf3 Be7 19. Bh2 Bxd3 20. Qxd3 Qa4
21. Qb1 Rac8 22. Ne5 Qb5 23. Bf4 Na4 24. Nd3 Rc6 25. a3 Rb6 26. Qc1 Nxb2 27.
Nxb2 Qxb2 28. Qe3 Rc8 29. Rd3 Rb3 0-1

[Event "Unna Open 2023"]
[Site "Unna"]
[Date "2023.12.30"]
[Round "7.34"]
[White "Schweda, Sven"]
[Black "Winter, Magnus"]
[Result "1-0"]
[WhiteElo "1377"]
[BlackElo "1780"]
[PlyCount "61"]
[EventDate "2023.12.??"]
[EventType "swiss"]
[EventRounds "7"]
[EventCountry "GER"]
[Tiebreak "Progressive score"]
[SourceVersionDate "2023.12.27"]

1. e4 c5 2. Bc4 Nc6 3. Nf3 e6 4. Nc3 Nf6 5. O-O Nxe4 6. Nxe4 d5 7. Bxd5 exd5 8.
Nc3 Be7 9. d4 cxd4 10. Nxd4 O-O 11. Nce2 Re8 12. c3 Bd6 13. Re1 a6 14. Be3 Ne5
15. Bf4 Bg4 16. Bxe5 Rxe5 17. Qd2 Rh5 18. Ng3 Rh6 19. h3 Bxg3 20. fxg3 Bd7 21.
Re2 Qc7 22. Qe3 Be6 23. Rae1 Qd7 24. Nf5 Rf6 25. g4 g6 26. Nh6+ Kg7 27. g5 Rf5
28. Nxf5+ Bxf5 29. Qe5+ Kg8 30. Rd2 Rd8 31. Red1 1-0

[Event "Unna Open 2023"]
[Site "Unna"]
[Date "2023.12.30"]
[Round "7.35"]
[White "Borch, Roland"]
[Black "Knetsch, Alfred"]
[Result "1-0"]
[WhiteElo "1382"]
[BlackElo "1581"]
[PlyCount "85"]
[EventDate "2023.12.??"]
[EventType "swiss"]
[EventRounds "7"]
[EventCountry "GER"]
[Tiebreak "Progressive score"]
[SourceVersionDate "2023.12.27"]

1. Nf3 d5 2. d3 Nf6 3. g3 Bf5 4. Bg2 c6 5. O-O Nbd7 6. c4 e6 7. b3 Bd6 8. Na3
Qe7 9. Nc2 h5 10. cxd5 cxd5 11. Ncd4 Bg6 12. Nb5 Bb8 13. Ba3 Qd8 14. Rc1 a6 15.
Nd6+ Bxd6 16. Bxd6 Rc8 17. Rxc8 Qxc8 18. Qc1 Nb6 19. Ba3 Nfd7 20. Qd2 f6 21.
Rc1 Qd8 22. Bh3 Kf7 23. Nd4 Re8 24. Rc3 e5 25. Nf5 Bxf5 26. Bxf5 d4 27. Rc2 Nd5
28. Qc1 N7b6 29. Be4 g6 30. Bc5 Re6 31. Bxb6 Rxb6 32. Bxd5+ Qxd5 33. Rc7+ Ke6
34. Qa3 Kf5 35. Qf8 Rc6 36. Qc8+ Qe6 37. Qxb7 Rxc7 38. Qxc7 Qd5 39. Qc8+ Qe6
40. Qc4 Qd6 41. f3 Qa3 42. Qc8+ Kg5 43. h4+ 1-0

[Event "Unna Open 2023"]
[Site "Unna"]
[Date "2023.12.30"]
[Round "7.36"]
[White "Stein, Wolfgang"]
[Black "Bilau, Max"]
[Result "0-1"]
[WhiteElo "1261"]
[BlackElo "1553"]
[PlyCount "127"]
[EventDate "2023.12.??"]
[EventType "swiss"]
[EventRounds "7"]
[EventCountry "GER"]
[Tiebreak "Progressive score"]
[SourceVersionDate "2023.12.27"]

1. d4 Nf6 2. Nf3 g6 3. c4 Bg7 4. Nc3 O-O 5. e3 d6 6. Qc2 Re8 7. Be2 Nbd7 8. O-O
c6 9. b4 e5 10. dxe5 dxe5 11. e4 Qc7 12. Bb2 Nh5 13. g3 Nf8 14. Rfe1 Bg4 15.
Nh4 Bxe2 16. Qxe2 Ne6 17. Nf3 Nf6 18. Rad1 Rad8 19. Rxd8 Rxd8 20. Rd1 Nd7 21.
Qc2 a6 22. Kg2 h5 23. Ne2 Bf6 24. a3 a5 25. Qc1 Qb6 26. Qe3 axb4 27. Qxb6 Nxb6
28. Rxd8+ Nxd8 29. Bxe5 Bxe5 30. Nxe5 bxa3 31. Nc1 Kg7 32. c5 Na4 33. Nc4 Nxc5
34. Nxa3 Nxe4 35. Nc4 Nc5 36. Kf3 Kf6 37. Ke3 Ke6 38. Ne2 Kd5 39. Nb6+ Ke5 40.
Kf3 Kd6 41. Nc3 Nde6 42. h4 Kc7 43. Na8+ Kd6 44. Nb6 Ng7 45. Nc4+ Ke7 46. Kf4
Nce6+ 47. Ke4 Nf5 48. Ne2 f6 49. Na5 Nd6+ 50. Kf3 Kd7 51. g4 hxg4+ 52. Kxg4 b6
53. Nb3 c5 54. Ng3 c4 55. Nc1 Nd4 56. Na2 Ke6 57. Nf1 Ne4 58. Ne3 b5 59. Nb4
f5+ 60. Kh3 Ne2 61. Ng2 Kd6 62. Kh2 c3 63. Nc2 Kc5 64. Nce3 0-1

[Event "Unna Open 2023"]
[Site "Unna"]
[Date "2023.12.30"]
[Round "7.37"]
[White "Krolik, Wilfried"]
[Black "Bintig, Til"]
[Result "1/2-1/2"]
[WhiteElo "1545"]
[BlackElo "1322"]
[PlyCount "70"]
[EventDate "2023.12.??"]
[EventType "swiss"]
[EventRounds "7"]
[EventCountry "GER"]
[Tiebreak "Progressive score"]
[SourceVersionDate "2023.12.27"]

1. e4 e5 2. Nf3 Nc6 3. Bb5 a6 4. Ba4 Nf6 5. O-O Nxe4 6. d4 d6 7. dxe5 Nc5 8.
Bxc6+ bxc6 9. Re1 Be7 10. exd6 Qxd6 11. Qxd6 cxd6 12. Nd4 Bd7 13. Bf4 Ne6 14.
Nf5 d5 15. Nd6+ Bxd6 16. Bxd6 f6 17. Nd2 Kf7 18. Re2 Rhe8 19. c3 Ng5 20. Rae1
Rxe2 21. Rxe2 Re8 22. Kf1 Rxe2 23. Kxe2 Ne4 24. Nxe4 dxe4 25. Ke3 Ke6 26. Bg3
f5 27. f3 exf3 28. Kxf3 g5 29. Ke2 Kd5 30. Kd3 h5 31. c4+ Ke6 32. b4 f4 33. Bf2
Ke5 34. Bd4+ Kf5 35. Bf2 Ke5 1/2-1/2

[Event "Unna Open 2023"]
[Site "Unna"]
[Date "2023.12.30"]
[Round "7.41"]
[White "Siebert, Michael"]
[Black "Ilic, Mihajlo"]
[Result "1-0"]
[WhiteElo "1473"]
[BlackElo "1010"]
[PlyCount "81"]
[EventDate "2023.12.??"]
[EventType "swiss"]
[EventRounds "7"]
[EventCountry "GER"]
[Tiebreak "Progressive score"]
[SourceVersionDate "2023.12.27"]

1. c4 e5 2. g3 Nf6 3. Bg2 d5 4. cxd5 Nxd5 5. Nc3 Be6 6. Nf3 Nc6 7. O-O Bd6 8.
d4 Nxc3 9. bxc3 O-O 10. d5 e4 11. Ng5 Be7 12. Nxe6 fxe6 13. dxc6 bxc6 14. Qxd8
Raxd8 15. Be3 a6 16. Bxe4 c5 17. Rfd1 Rb8 18. Rab1 Rxb1 19. Rxb1 Rd8 20. Kg2
Bd6 21. Rb7 g6 22. Ra7 Rb8 23. Ra8 Rxa8 24. Bxa8 Be5 25. c4 Bd4 26. Bd2 Kf7 27.
Bb7 Bb2 28. a4 Ba3 29. Bxa6 Bb4 30. Bf4 Ba5 31. Bb7 Kf6 32. h4 e5 33. Bg5+ Kf5
34. f3 Ke6 35. Bd5+ Kd6 36. Bg8 e4 37. Bxh7 exf3+ 38. Kxf3 Ke5 39. Bxg6 Kd4 40.
Bd3 c6 41. Bf6# 1-0

[Event "Unna Open 2023"]
[Site "Unna"]
[Date "2023.12.30"]
[Round "7.43"]
[White "Scholtyßek, Norbert"]
[Black "Weiner, Timon Liam"]
[Result "1/2-1/2"]
[WhiteElo "1497"]
[BlackElo "1270"]
[Annotator "Medger,Gernot"]
[PlyCount "43"]
[EventDate "2023.12.??"]
[EventType "swiss"]
[EventRounds "7"]
[EventCountry "GER"]
[Tiebreak "Progressive score"]
[SourceVersionDate "2023.12.27"]

1. f4 d5 2. Nf3 g6 3. e3 Bg7 4. Be2 Bg4 5. O-O Bxf3 6. Bxf3 Nf6 7. Nc3 e6 8. d4
b6 9. Qd3 O-O 10. b3 c5 11. Ba3 Nbd7 12. Ne2 Re8 13. Rac1 Rc8 14. c4 cxd4 15.
cxd5 Rxc1 16. Rxc1 dxe3 17. d6 e5 18. Bb7 Qb8 19. Qa6 exf4 20. Nd4 $11 Ng4 21.
Nc6 e2 22. Re1 1/2-1/2

[Event "Unna Open 2023"]
[Site "Unna"]
[Date "2023.12.30"]
[Round "7.44"]
[White "Lauenstein, Nico"]
[Black "Van Gaalen, Jakob"]
[Result "0-1"]
[WhiteElo "1266"]
[BlackElo "1451"]
[PlyCount "40"]
[EventDate "2023.12.??"]
[EventType "swiss"]
[EventRounds "7"]
[EventCountry "GER"]
[Tiebreak "Progressive score"]
[SourceVersionDate "2023.12.27"]

1. d4 Nf6 2. c4 e6 3. Nf3 Bb4+ 4. Nc3 O-O 5. a3 Bxc3+ 6. bxc3 d6 7. e3 b6 8.
Be2 Bb7 9. O-O Nbd7 10. a4 Ne4 11. Qc2 f5 12. Nd2 Qg5 13. f4 Qg6 14. Bf3 Ndf6
15. Nxe4 Bxe4 16. Bxe4 Nxe4 17. Bd2 Qg4 18. Rf3 Rf6 19. Be1 Rg6 20. Ra2 Qxf3
0-1

[Event "Unna Open 2023"]
[Site "Unna"]
[Date "2023.12.30"]
[Round "7.45"]
[White "Jorke, Roland"]
[Black "Mallek, Peter"]
[Result "1/2-1/2"]
[WhiteElo "1386"]
[BlackElo "1190"]
[PlyCount "90"]
[EventDate "2023.12.??"]
[EventType "swiss"]
[EventRounds "7"]
[EventCountry "GER"]
[Tiebreak "Progressive score"]
[SourceVersionDate "2023.12.27"]

1. Nf3 Nc6 2. d4 d5 3. g3 Bf5 4. a3 Nf6 5. Bg2 e6 6. O-O Bd6 7. Nbd2 O-O 8. Re1
Re8 9. c4 dxc4 10. Nxc4 Be7 11. Nce5 Nxe5 12. dxe5 Qxd1 13. Rxd1 Rad8 14. Be3
Nd5 15. Nd4 Nxe3 16. fxe3 c6 17. Nxf5 exf5 18. Rd3 Rxd3 19. exd3 Bc5 20. d4 Bb6
21. Kf2 g5 22. Kf3 Kg7 23. b4 f6 24. exf6+ Kxf6 25. Bf1 g4+ 26. Kf2 Bc7 27. Bd3
h5 28. Rc1 Bd6 29. Re1 Kg5 30. Kg2 Rf8 31. Rf1 Be7 32. Bc4 Rf6 33. Bd3 Kg6 34.
e4 fxe4 35. Bxe4+ Kg5 36. Rxf6 Bxf6 37. d5 cxd5 38. Bxd5 b6 39. a4 Kf5 40. Bb3
h4 41. Bc2+ Kg5 42. Be4 hxg3 43. hxg3 Bc3 44. b5 Be5 45. Bd3 Bd4 1/2-1/2

[Event "Unna Open 2023"]
[Site "Unna"]
[Date "2023.12.30"]
[Round "7.46"]
[White "Le, Elias"]
[Black "Leufert, Jan-Frederik"]
[Result "1/2-1/2"]
[WhiteElo "1317"]
[BlackElo "930"]
[PlyCount "82"]
[EventDate "2023.12.??"]
[EventType "swiss"]
[EventRounds "7"]
[EventCountry "GER"]
[Tiebreak "Progressive score"]
[SourceVersionDate "2023.12.27"]

1. e4 d5 2. exd5 Qxd5 3. Nf3 Qd8 4. d4 Nf6 5. c4 Bg4 6. Nc3 e6 7. Bf4 Bd6 8.
Bxd6 Qxd6 9. Be2 Nbd7 10. Qb3 b6 11. h3 Bxf3 12. Bxf3 Rb8 13. Rd1 O-O 14. O-O
Rfd8 15. d5 exd5 16. Nxd5 Nxd5 17. Bxd5 Qf8 18. Rd4 Re8 19. Bc6 Qc5 20. Rfd1
Qxc6 21. Rxd7 Rbc8 22. c5 Qe6 23. Qxe6 Rxe6 24. Rd8+ Re8 25. Rxe8+ Rxe8 26. Rd7
Rc8 27. cxb6 axb6 28. Kf1 Kf8 29. Ke2 Ke8 30. Rd4 g6 31. g4 Ra8 32. Re4+ Kf8
33. f4 Re8 34. Rxe8+ Kxe8 35. Ke3 Ke7 36. h4 f5 37. g5 Ke6 38. b4 b5 39. Kd4
Kd6 40. a3 c6 41. Kd3 Kd5 1/2-1/2

[Event "Unna Open 2023"]
[Site "Unna"]
[Date "2023.12.30"]
[Round "7.47"]
[White "Kasnatschenko, Ilayda"]
[Black "Ait Khouya, Muhammad"]
[Result "1-0"]
[WhiteElo "1242"]
[BlackElo "1298"]
[PlyCount "57"]
[EventDate "2023.12.??"]
[EventType "swiss"]
[EventRounds "7"]
[EventCountry "GER"]
[Tiebreak "Progressive score"]
[SourceVersionDate "2023.12.27"]

1. d4 d5 2. c4 e6 3. Nc3 Nf6 4. cxd5 exd5 5. Bg5 Be7 6. e3 h6 7. Bh4 Be6 8. Nf3
c5 9. Be2 Nc6 10. O-O g5 11. Bg3 g4 12. Ne5 h5 13. Bf4 Nxe5 14. Bxe5 Rg8 15.
Nb5 Kf8 16. f3 a6 17. Nc7 Rc8 18. Nxe6+ fxe6 19. fxg4 hxg4 20. Bxg4 Rc6 21.
Bxf6 Bxf6 22. Qf3 Kg7 23. dxc5 Rf8 24. Qg3 Kf7 25. Bh5+ Ke7 26. Rxf6 Kxf6 27.
Rf1+ Ke7 28. Qg7+ Rf7 29. Qxf7# 1-0

[Event "Unna Open 2023"]
[Site "Unna"]
[Date "2023.12.30"]
[Round "7.49"]
[White "Otuk, Yusuf Miralay"]
[Black "Pennekamp, Christoph"]
[Result "1-0"]
[WhiteElo "1113"]
[BlackElo "1476"]
[PlyCount "27"]
[EventDate "2023.12.??"]
[EventType "swiss"]
[EventRounds "7"]
[EventCountry "GER"]
[Tiebreak "Progressive score"]
[SourceVersionDate "2023.12.27"]

1. e4 c6 2. d4 d5 3. exd5 cxd5 4. c4 Nf6 5. Nc3 Nc6 6. Nf3 Bg4 7. cxd5 Nxd5 8.
Qb3 Bxf3 9. gxf3 Nxc3 10. Bc4 Nxd4 11. Bxf7+ Kd7 12. Qxc3 Nc6 13. Bf4 e5 14.
O-O-O+ 1-0

[Event "Unna Open 2023"]
[Site "Unna"]
[Date "2023.12.30"]
[Round "7.51"]
[White "Deysenroth, Gerald"]
[Black "Demirörs, Emre"]
[Result "0-1"]
[WhiteElo "1236"]
[BlackElo "1162"]
[PlyCount "74"]
[EventDate "2023.12.??"]
[EventType "swiss"]
[EventRounds "7"]
[EventCountry "GER"]
[Tiebreak "Progressive score"]
[SourceVersionDate "2023.12.27"]

1. c4 c5 2. g3 g6 3. Bg2 Bg7 4. Nc3 Nc6 5. a3 Nf6 6. e3 O-O 7. Nge2 d6 8. d3 a6
9. Rb1 Rb8 10. O-O Bd7 11. h3 Qc8 12. Kh2 b5 13. b3 bxc4 14. bxc4 Rxb1 15. Nxb1
Qb7 16. Bd2 Rb8 17. Nf4 Qb3 18. Nd5 Qxd3 19. Qc1 Nxd5 20. cxd5 Ne5 21. Bc3 Rxb1
22. Qxb1 Qxc3 23. Qb7 Bb5 24. Rg1 Bf6 25. a4 Bxa4 26. Qxa6 Qb4 27. Kh1 Nd3 28.
Rf1 c4 29. f4 Bb5 30. Qc8+ Kg7 31. g4 h6 32. e4 c3 33. e5 dxe5 34. fxe5 Bxe5
35. Rxf7+ Kxf7 36. Qe6+ Kf8 37. Qc8+ Be8 0-1